| 000 | 00989nam a2200241 a 4500 | ||
|---|---|---|---|
| 001 | 78873 | ||
| 003 | BD-RjUL | ||
| 005 | 20211209083201.0 | ||
| 008 | 211123s20191994bg ||||| |||| 00| 0 ben d | ||
| 020 |
_a9789840423156 _c: Tk. 250.00 |
||
| 035 | _a(BD-RjUL)79100 | ||
| 040 |
_aBD-RjUL _beng _cBD-RjUL |
||
| 041 | _aben | ||
| 082 |
_223 _a954.9205092 _bHAB 2019 |
||
| 100 |
_aহালিম, আবদুল _9250436 |
||
| 245 | 1 | 0 |
_aবঙ্গবন্ধু আমাদের ঐতিহ্য আমাদের ভবিষ্যত / _cআবদুল হালিম |
| 250 | _a২য় বর্ধিত সং. | ||
| 260 |
_aঢাকা : _bআগামী প্রকাশনী, _c১৯৯৪ [মুদ্রণ ২০১৯] |
||
| 300 |
_a৯৫ পৃ.; _c২২ সেমি. |
||
| 600 |
_aমুজিবুর রহমান , _cশেখ, _d১৯২০-১৯৭৫ _9250439 |
||
| 600 |
_aMujibur Rahman, _cSheikh, _d1920-1975 _9250440 |
||
| 942 |
_2ddc _cBK |
||
| 999 |
_c78873 _d78873 |
||